000 00709nam a2200289Ia 4500
005 20260324133556.0
008 008 260324s9999 xx 000 0 eng d
020 _a9780203417522
037 _aEBOOK
040 _aCRL
040 _beng
040 _cCRL
041 _2eng
041 _aeng
084 _qCRL
100 _aStephen Mumford; Bertrand Russell
_91193609
245 0 _aRussell on Metaphysics
245 0 _bSelections from the Writings of Bertrand Russell
260 _bTaylor and Francis
260 _c2003
365 _a
365 _b180
856 _uhttp://www.taylorfrancis.com/books/9780203417522
942 _cEBOOK
999 _c1792787
_d1792787